| 000 | 00456nam a22001577a 4500 | ||
|---|---|---|---|
| 003 | macl | ||
| 005 | 20181207120711.0 | ||
| 008 | 181207b xxu||||| |||| 00| 0 eng d | ||
| 040 | _cmacl | ||
| 082 | _a891.433/S/ SIN | ||
| 100 |
_aसिन्हा ,मृदुला _973326 |
||
| 245 | _aअपना जीवन | ||
| 260 |
_aदिल्ली _bयश प्रकासन _c2015 |
||
| 650 |
_aकहानी _973327 |
||
| 942 |
_2ddc _cHIN |
||
| 999 |
_c58659 _d58659 |
||